| 000 -LEADER |
| fixed length control field |
00258nam a22001097a 4500 |
| 008 - FIXED-LENGTH DATA ELEMENTS--GENERAL INFORMATION |
| fixed length control field |
180801b xxu||||| |||| 00| 0 eng d |
| 082 ## - DEWEY DECIMAL CLASSIFICATION NUMBER |
| Classification number |
813.52 |
| 245 ## - TITLE STATEMENT |
| Title |
Understanding childhood cancer |
| Statement of responsibility, etc |
Savvy |
| 300 ## - PHYSICAL DESCRIPTION |
| Extent |
1 |
| Type of unit |
CD |
| 440 ## - SERIES STATEMENT/ADDED ENTRY--TITLE |
| International Standard Serial Number |
0968727611 |
| 942 ## - ADDED ENTRY ELEMENTS (KOHA) |
| Source of classification or shelving scheme |
|
| Item type |
Mixed Materials |